000 00833nmm a2200277 a 4500
001 ocm000565228
003 TR-IsHL
005 20201028121306.0
008 130705s2004 tu tur
007 cr cn
020 _a9789758525485
035 _a565228
_b(N$T)
050 0 4 _aKKX120
_b.E35 2004
090 0 4 _aKKX120
_b.E35 2004
100 1 _aEkinci, Ekrem Buğra
245 1 0 _aOsmanlı mahkemeleri
_h[electronic resource] /
_cEkrem Buğra Ekinci
250 _a1. bs.
260 _aİstanbul :
_bArı Sanat Yayınları,
_c2004
300 _a382 p.
650 4 _aHukuk
650 4 _aLaw
650 0 _aHukuk
_x Türkiye
_x Tarih
650 0 _aLaw
_x Turkey
_x History
650 7 _aLAW / Legal History
_2bisacsh
856 4 0 _uhttp://search.ebscohost.com/login.aspx?direct=true&scope=site&db=e011xww&AN=565228
999 _c1244
_d1244